The role of direct and indirect taxes in the federal renueve system / (Registro nro. 7561)

Detalles MARC
000 -LEADER
fixed length control field 01113nam a2200229Ia 4500
003 - CONTROL NUMBER IDENTIFIER
control field OSt
005 - DATE AND TIME OF LATEST TRANSACTION
control field 20210413131001.0
008 - FIXED-LENGTH DATA ELEMENTS--GENERAL INFORMATION
fixed length control field 210310s1964 eu gr 000 0 eng d
040 ## - CATALOGING SOURCE
Original cataloging agency CO-JMCR
Transcribing agency CO-JMCR
041 0# - LANGUAGE CODE
Language code of text/sound track or separate title eng
082 04 - DEWEY DECIMAL CLASSIFICATION NUMBER
Classification number 336.2 /
Item number C748r
Edition number 23
111 2# - MAIN ENTRY--MEETING NAME
Meeting name or jurisdiction name as entry element A conference report of the National Bureau of Economic Research and the Brookings Institution
9 (RLIN) 36768
245 14 - TITLE STATEMENT
Title The role of direct and indirect taxes in the federal renueve system /
Statement of responsibility, etc. A conference report of the National Bureau of Economic Research and the Brookings Institution
260 ## - PUBLICATION, DISTRIBUTION, ETC.
Place of publication, distribution, etc. Estados Unidos :
Name of publisher, distributor, etc. Research understading Public service,
Date of publication, distribution, etc. 1964
300 ## - PHYSICAL DESCRIPTION
Other physical details xii, 321 páginas ;
Dimensions 23 cm.
500 ## - GENERAL NOTE
General note Incluye notas a pie de página.
505 0# - FORMATTED CONTENTS NOTE
Formatted contents note Taxation, resourse allocation, and welfare -- Allocation aspects, domestic and international -- Equity, administration and compliance, and intergovernmental fiscal aspects -- Comparison of european and united states tax structures and growth implication
650 14 - SUBJECT ADDED ENTRY--TOPICAL TERM
Topical term or geographic name entry element Impuesto
9 (RLIN) 36769
650 24 - SUBJECT ADDED ENTRY--TOPICAL TERM
Topical term or geographic name entry element Derecho fiscal
9 (RLIN) 14788
650 14 - SUBJECT ADDED ENTRY--TOPICAL TERM
Topical term or geographic name entry element Zonas francas
9 (RLIN) 13739
942 ## - ADDED ENTRY ELEMENTS (KOHA)
Source of classification or shelving scheme Dewey Decimal Classification
Koha item type Books
Existencias
Withdrawn status Lost status Source of classification or shelving scheme Damaged status Not for loan Collection code Home library Current library Date acquired Source of acquisition Full call number Barcode Date last seen Copy number Koha item type
    Dewey Decimal Classification     Non-fiction Biblioteca Pública José María del Castillo y Rada Biblioteca Pública José María del Castillo y Rada 04/15/2018 Donación 336.2 / C748r 430004521 05/16/2024 Ej.1 Books